[Event "46th GRE-chT Premier 2018"]
[Site "Rio Achaia"]
[Date "2018.07.12"]
[Round "4"]
[White "Loupos, Vasilios"]
[Black "Boviatsis, Charalampos"]
[Result "1-0"]
[WhiteElo "1927"]
[BlackElo "1979"]
[Annotator "NA"]
[PlyCount "119"]
[EventDate "2018.07.10"]
[EventType "team-tourn"]
[EventCountry "GRE"]
[SourceTitle "playchess.com"]
[Source "ChessBase"]
[SourceQuality "1"]
[TimeControl "40/5400+30:1800+30"]

1. d4 {[%emt 0:01:11]} f5 {[%emt 0:00:29]} 2. Bg5 {[%emt 0:00:32]} Nf6 {[%emt 0:02:21]} 3. Bxf6 {[%emt 0:00:24]} exf6 {[%emt 0:01:04]} 4. g3 {[%emt 0:01:07]} d5 {[%emt 0:03:32]} 5. Bg2 {[%emt 0:01:33]} c6 {[%emt 0:01:12]} 6. c3 {[%emt 0:01:38]} Bd6 {[%emt 0:04:44]} 7. Nh3 {[%emt 0:02:49]} Na6 {[%emt 0:10:23]} 8. e3 {[%emt 0:01:40]} Be6 {[%emt 0:08:44]} 9. Nf4 {[%emt 0:01:58]} Bf7 {[%emt 0:02:09]} 10. Nd2 {[%emt 0:05:42]} O-O {[%emt 0:07:54]} 11. O-O {[%emt 0:02:27]} Re8 {[%emt 0:08:06]} 12. a4 {[%emt 0:05:19]} Nc7 {[%emt 0:05:25]} 13. a5 {[%emt 0:06:49]} a6 {[%emt 0:05:07]} 14. Nd3 {[%emt 0:05:49]} Re7 {[%emt 0:09:27]} 15. Nb3 {[%emt 0:02:41]} g5 {[%emt 0:01:59]} 16. Nbc5 {[%emt 0:01:23]} Rb8 {[%emt 0:01:25]} 17. Bf3 {[%emt 0:03:22]} Qe8 {[%emt 0:01:42]} 18. Kh1 {[%emt 0:07:30]} Kh8 {[%emt 0:02:36]} 19. Re1 {[%emt 0:05:09]} Qf8 {[%emt 0:03:41]} 20. Rg1 {[%emt 0:05:43]} Nb5 {[%emt 0:01:07]} 21. Qf1 {[%emt 0:07:48]} h5 {[%emt 0:01:52]} 22. h4 {[%emt 0:03:44]} Qh6 {[%emt 0:03:32]} 23. Rg2 {[%emt 0:02:00]} Rg8 {[%emt 0:01:15]} 24. Rh2 {[%emt 0:00:50]} Be8 {[%emt 0:06:25]} 25. Rc1 {[%emt 0:03:23]} Bb8 {[%emt 0:00:41]} 26. hxg5 {[%emt 0:02:54]} fxg5 {[%emt 0:00:19]} 27. Ne5 {[%emt 0:00:25]} Nd6 {[%emt 0:00:50]} 28. Kg2 {[%emt 0:04:59]} Ne4 {[%emt 0:02:01]} 29. Nxe4 {[%emt 0:03:00]} dxe4 {[%emt 0:01:09]} 30. Bxh5 {[%emt 0:01:13]} Rh7 {[%emt 0:02:24]} 31. Qh1 {[%emt 0:03:30]} Bxe5 {[%emt 0:00:15]} 32. Bxe8 {[%emt 0:01:20]} Qxh2+ {[%emt 0:00:14]} 33. Qxh2 {[%emt 0:00:08]} Rxh2+ {[%emt 0:00:13]} 34. Kxh2 {[%emt 0:00:06]} Rxe8 {[%emt 0:00:15]} 35. dxe5 {[%emt 0:00:09]} Rxe5 {[%emt 0:00:09]} 36. Rd1 {[%emt 0:02:08]} Rxa5 {[%emt 0:02:01]} 37. Rd7 {[%emt 0:00:20]} Rb5 {[%emt 0:00:07]} 38. b4 {[%emt 0:00:41]} c5 {[%emt 0:00:56]} 39. bxc5 {[%emt 0:00:35]} Rxc5 {[%emt 0:00:28]} 40. Rxb7 {[%emt 0:00:00]} Rxc3 {[%emt 0:00:00]} 41. Rb6 {[%emt 0:05:10]} Ra3 {[%emt 0:00:48]} 42. Re6 {[%emt 0:09:08]} g4 {[%emt 0:01:07]} 43. Re5 {[%emt 0:02:39]} Ra2 {[%emt 0:10:35]} 44. Kg2 {[%emt 0:01:04]} a5 {[%emt 0:02:44]} 45. Rxf5 {[%emt 0:00:32]} Kh7 {[%emt 0:03:07]} 46. Rg5 {[%emt 0:01:42]} Ra4 {[%emt 0:02:00]} 47. Rxg4 {[%emt 0:00:20]} Rb4 {[%emt 0:00:37]} 48. Rg5 {[%emt 0:02:17]} a4 {[%emt 0:00:53]} 49. g4 {[%emt 0:02:09]} Kh6 {[%emt 0:01:10]} 50. Ra5 {[%emt 0:00:21]} Kg6 {[%emt 0:01:03]} 51. Ra6+ {[%emt 0:00:51]} Kg5 {[%emt 0:01:39]} 52. Kg3 {[%emt 0:00:33]} Rc4 {[%emt 0:00:23]} 53. Ra5+ {[%emt 0:00:31]} Kg6 {[%emt 0:00:46]} 54. Kf4 {[%emt 0:01:14]} Rb4 {[%emt 0:00:18]} 55. Ra6+ {[%emt 0:00:25]} Kg7 {[%emt 0:00:11]} 56. g5 {[%emt 0:01:33]} Kf7 {[%emt 0:01:14]} 57. Ke5 {[%emt 0:00:45]} Kg7 {[%emt 0:00:27]} 58. Kf5 {[%emt 0:01:26]} Rc4 {[%emt 0:00:14]} 59. Ra7+ {[%emt 0:00:15]} Kg8 {[%emt 0:00:10]} 60. Kg6 {[%emt 0:01:17]} 1-0

[Event "46th GRE-chT Premier 2018"]
[Site "Rio Achaia"]
[Date "2018.07.12"]
[Round "4"]
[White "Betsakos, Konstantinos"]
[Black "Loutragotis, Paraskevas Pantelei"]
[Result "0-1"]
[WhiteElo "1913"]
[BlackElo "1980"]
[Annotator "NA"]
[PlyCount "82"]
[EventDate "2018.07.10"]
[EventType "team-tourn"]
[EventCountry "GRE"]
[SourceTitle "playchess.com"]
[Source "ChessBase"]
[SourceQuality "1"]
[TimeControl "40/5400+30:1800+30"]

1. d4 {[%emt 0:00:00]} Nf6 {[%emt 0:00:00]} 2. Nf3 {[%emt 0:00:00]} g6 {[%emt 0:00:22]} 3. Bg5 {[%emt 0:00:00]} Bg7 {[%emt 0:00:30]} 4. Nbd2 {[%emt 0:00:00]} d6 {[%emt 0:01:08]} 5. c3 {[%emt 0:00:05]} O-O {[%emt 0:02:49]} 6. e4 {[%emt 0:00:04]} Nbd7 {[%emt 0:01:16]} 7. Bc4 {[%emt 0:01:15]} c6 {[%emt 0:06:57]} 8. O-O {[%emt 0:01:20]} Nxe4 {[%emt 0:04:11]} 9. Bxf7+ {[%emt 0:02:03]} Rxf7 {[%emt 0:00:06]} 10. Nxe4 {[%emt 0:00:03]} Nf6 {[%emt 0:02:39]} 11. Bxf6 {[%emt 0:02:34]} exf6 {[%emt 0:00:14]} 12. d5 {[%emt 0:02:34]} c5 {[%emt 0:00:19]} 13. a4 {[%emt 0:02:16]} h6 {[%emt 0:04:57]} 14. Nfd2 {[%emt 0:06:38]} f5 {[%emt 0:03:37]} 15. Ng3 {[%emt 0:00:04]} b6 {[%emt 0:01:46]} 16. f4 {[%emt 0:11:58]} a6 {[%emt 0:04:03]} 17. Nc4 {[%emt 0:06:27]} Rb8 {[%emt 0:02:04]} 18. a5 {[%emt 0:05:55]} b5 {[%emt 0:00:07]} 19. Nb6 {[%emt 0:00:02]} Rxb6 {[%emt 0:00:24]} 20. axb6 {[%emt 0:00:05]} Qxb6 {[%emt 0:00:06]} 21. Qe2 {[%emt 0:08:14]} Bd7 {[%emt 0:03:15]} 22. Rf3 {[%emt 0:04:51]} a5 {[%emt 0:01:07]} 23. Re3 {[%emt 0:00:40]} Bf6 {[%emt 0:00:51]} 24. Nf1 {[%emt 0:01:41]} a4 {[%emt 0:16:42]} 25. Nd2 {[%emt 0:08:57]} Qb7 {[%emt 0:06:17]} 26. Rd1 {[%emt 0:14:56]} b4 {[%emt 0:11:37]} 27. Qd3 {[%emt 0:17:21]} Bb5 {[%emt 0:01:39]} 28. Qb1 {[%emt 0:00:52]} a3 {[%emt 0:03:26]} 29. Nf3 {[%emt 0:03:02]} axb2 {[%emt 0:08:52]} 30. Qxb2 {[%emt 0:00:27]} Bc4 {[%emt 0:05:38]} 31. h4 {[%emt 0:00:34]} bxc3 {[%emt 0:00:15]} 32. Qf2 {[%emt 0:00:29]} Bxd5 {[%emt 0:01:01]} 33. Ne5 {[%emt 0:00:20]} dxe5 {[%emt 0:05:08]} 34. fxe5 {[%emt 0:00:04]} Bg7 {[%emt 0:02:41]} 35. Rxc3 {[%emt 0:00:59]} c4 {[%emt 0:00:42]} 36. Re1 {[%emt 0:00:38]} Re7 {[%emt 0:00:32]} 37. Qf4 {[%emt 0:00:28]} Qb6+ {[%emt 0:00:21]} 38. Kh1 {[%emt 0:00:23]} Qe6 {[%emt 0:00:29]} 39. Rce3 {[%emt 0:00:38]} Be4 {[%emt 0:00:08]} 40. Rxe4 {[%emt 0:00:00]} fxe4 {[%emt 0:00:00]} 41. Qxe4 {[%emt 0:01:23]} c3 {[%emt 0:00:57]} 0-1

[Event "46th GRE-chT Premier 2018"]
[Site "Rio Achaia"]
[Date "2018.07.12"]
[Round "4"]
[White "Gavriil, Odysseas-Panagiotis"]
[Black "Brokalakis - Gounaris, Christos"]
[Result "1/2-1/2"]
[WhiteElo "1910"]
[BlackElo "1901"]
[Annotator "NA"]
[PlyCount "87"]
[EventDate "2018.07.10"]
[EventType "team-tourn"]
[EventCountry "GRE"]
[SourceTitle "playchess.com"]
[Source "ChessBase"]
[SourceQuality "1"]
[TimeControl "40/5400+30:1800+30"]

1. Nf3 {[%emt 0:00:00]} Nf6 {[%emt 0:02:27]} 2. g3 {[%emt 0:00:00]} d5 {[%emt 0:00:47]} 3. Bg2 {[%emt 0:00:00]} Bg4 {[%emt 0:01:04]} 4. h3 {[%emt 0:03:35]} Bh5 {[%emt 0:03:21]} 5. d3 {[%emt 0:04:51]} e6 {[%emt 0:02:00]} 6. g4 {[%emt 0:00:57]} Bg6 {[%emt 0:00:07]} 7. Ne5 {[%emt 0:00:06]} Bd6 {[%emt 0:01:02]} 8. Nxg6 {[%emt 0:00:09]} hxg6 {[%emt 0:00:06]} 9. e3 {[%emt 0:04:19]} c6 {[%emt 0:02:48]} 10. Nd2 {[%emt 0:01:29]} Nbd7 {[%emt 0:01:07]} 11. b3 {[%emt 0:11:56]} Qe7 {[%emt 0:04:11]} 12. Bb2 {[%emt 0:01:45]} a5 {[%emt 0:06:23]} 13. a4 {[%emt 0:02:25]} e5 {[%emt 0:01:10]} 14. Qc1 {[%emt 0:11:16]} O-O {[%emt 0:08:19]} 15. Ba3 {[%emt 0:02:42]} Bb4 {[%emt 0:06:20]} 16. O-O {[%emt 0:04:22]} Rfe8 {[%emt 0:04:46]} 17. Bxb4 {[%emt 0:13:09]} axb4 {[%emt 0:03:16]} 18. d4 {[%emt 0:02:38]} e4 {[%emt 0:01:47]} 19. c3 {[%emt 0:06:25]} Nh7 {[%emt 0:05:37]} 20. cxb4 {[%emt 0:02:46]} Qxb4 {[%emt 0:00:33]} 21. Rd1 {[%emt 0:01:56]} Qe7 {[%emt 0:01:16]} 22. Qa3 {[%emt 0:00:41]} Qe6 {[%emt 0:01:40]} 23. Qb4 {[%emt 0:07:48]} Rab8 {[%emt 0:01:38]} 24. Nf1 {[%emt 0:02:55]} f5 {[%emt 0:02:19]} 25. Nh2 {[%emt 0:01:58]} Rf8 {[%emt 0:01:49]} 26. Qd2 {[%emt 0:00:23]} Qe7 {[%emt 0:16:30]} 27. Rf1 {[%emt 0:04:17]} Rbe8 {[%emt 0:04:47]} 28. Rae1 {[%emt 0:00:27]} fxg4 {[%emt 0:02:27]} 29. hxg4 {[%emt 0:01:36]} Ng5 {[%emt 0:04:03]} 30. Qd1 {[%emt 0:00:58]} Rf7 {[%emt 0:01:31]} 31. f4 {[%emt 0:03:04]} exf3 {[%emt 0:00:06]} 32. Nxf3 {[%emt 0:00:17]} Ne4 {[%emt 0:00:28]} 33. Ne5 {[%emt 0:00:26]} Nxe5 {[%emt 0:01:36]} 34. Bxe4 {[%emt 0:00:30]} dxe4 {[%emt 0:01:57]} 35. dxe5 {[%emt 0:00:08]} Rxf1+ {[%emt 0:01:05]} 36. Rxf1 {[%emt 0:00:29]} Qxe5 {[%emt 0:00:52]} 37. Kg2 {[%emt 0:02:07]} Qe6 {[%emt 0:03:16]} 38. Rf4 {[%emt 0:01:52]} Rf8 {[%emt 0:03:52]} 39. Rxf8+ {[%emt 0:00:54]} Kxf8 {[%emt 0:00:01]} 40. Qd8+ {[%emt 0:00:00]} Kf7 {[%emt 0:00:00]} 41. Qc7+ {[%emt 0:04:28]} Kg8 {[%emt 0:11:48]} 42. Qb8+ {[%emt 0:01:34]} Kh7 {[%emt 0:01:10]} 43. Qh2+ {[%emt 0:00:07]} Kg8 {[%emt 0:00:05]} 44. Qb8+ {[%emt 0:00:03]} 1/2-1/2

[Event "46th GRE-chT Premier 2018"]
[Site "Rio Achaia"]
[Date "2018.07.12"]
[Round "4"]
[White "Serefidou, Despina"]
[Black "Ratsma, Rosa"]
[Result "0-1"]
[WhiteElo "1906"]
[BlackElo "2265"]
[Annotator "NA"]
[PlyCount "108"]
[EventDate "2018.07.10"]
[EventType "team-tourn"]
[EventCountry "GRE"]
[SourceTitle "playchess.com"]
[Source "ChessBase"]
[SourceQuality "1"]
[TimeControl "40/5400+30:1800+30"]

1. e4 {[%emt 0:00:00]} c5 {[%emt 0:00:00]} 2. Nf3 {[%emt 0:00:00]} d6 {[%emt 0:00:00]} 3. d4 {[%emt 0:00:00]} cxd4 {[%emt 0:00:04]} 4. Nxd4 {[%emt 0:00:00]} Nf6 {[%emt 0:00:13]} 5. Nc3 {[%emt 0:00:06]} a6 {[%emt 0:00:09]} 6. Be2 {[%emt 0:00:42]} Nbd7 {[%emt 0:00:51]} 7. O-O {[%emt 0:00:58]} g6 {[%emt 0:00:43]} 8. a4 {[%emt 0:00:40]} Bg7 {[%emt 0:01:52]} 9. Be3 {[%emt 0:01:38]} Qc7 {[%emt 0:07:09]} 10. a5 {[%emt 0:04:29]} O-O {[%emt 0:01:37]} 11. Nd5 {[%emt 0:07:25]} Qd8 {[%emt 0:09:16]} 12. f3 {[%emt 0:05:43]} e6 {[%emt 0:04:20]} 13. Nb4 {[%emt 0:08:27]} d5 {[%emt 0:09:18]} 14. exd5 {[%emt 0:00:45]} Nxd5 {[%emt 0:01:04]} 15. Nxd5 {[%emt 0:00:10]} exd5 {[%emt 0:00:05]} 16. Qd2 {[%emt 0:02:41]} Re8 {[%emt 0:04:13]} 17. Rfe1 {[%emt 0:07:35]} Ne5 {[%emt 0:05:08]} 18. b3 {[%emt 0:02:52]} Bd7 {[%emt 0:04:23]} 19. Bh6 {[%emt 0:03:01]} Bh8 {[%emt 0:03:53]} 20. f4 {[%emt 0:12:09]} Nc6 {[%emt 0:04:57]} 21. Nxc6 {[%emt 0:00:46]} bxc6 {[%emt 0:01:05]} 22. Bg5 {[%emt 0:03:01]} Qc7 {[%emt 0:02:33]} 23. Rad1 {[%emt 0:00:37]} Qd6 {[%emt 0:03:45]} 24. b4 {[%emt 0:10:44]} Be6 {[%emt 0:08:50]} 25. c4 {[%emt 0:04:29]} d4 {[%emt 0:04:48]} 26. c5 {[%emt 0:01:05]} Qd7 {[%emt 0:00:37]} 27. Bd3 {[%emt 0:03:12]} Bg7 {[%emt 0:04:39]} 28. Bh4 {[%emt 0:04:05]} Reb8 {[%emt 0:04:30]} 29. Bf2 {[%emt 0:01:51]} Bb3 {[%emt 0:00:31]} 30. Rb1 {[%emt 0:01:19]} Bd5 {[%emt 0:00:56]} 31. Bf1 {[%emt 0:05:57]} Be6 {[%emt 0:02:21]} 32. Bd3 {[%emt 0:00:39]} Rd8 {[%emt 0:02:46]} 33. Bh4 {[%emt 0:00:56]} Rdc8 {[%emt 0:00:59]} 34. Rbd1 {[%emt 0:02:07]} Qd5 {[%emt 0:02:23]} 35. Be4 {[%emt 0:01:49]} Qb3 {[%emt 0:01:00]} 36. Bd3 {[%emt 0:02:29]} Rcb8 {[%emt 0:02:54]} 37. Rb1 {[%emt 0:00:34]} Qc3 {[%emt 0:00:27]} 38. Qxc3 {[%emt 0:01:57]} dxc3 {[%emt 0:00:05]} 39. Re2 {[%emt 0:00:31]} Ra7 {[%emt 0:02:30]} 40. Be1 {[%emt 0:00:00]} Bg4 {[%emt 0:00:00]} 41. Ra2 {[%emt 0:08:39]} Rd8 {[%emt 0:09:05]} 42. Bc2 {[%emt 0:07:22]} Rad7 {[%emt 0:08:46]} 43. h3 Bd1 {[%emt 0:01:49]} 44. Kf1 {[%emt 0:11:42]} Rd4 {[%emt 0:02:38]} 45. g3 {[%emt 0:03:54]} Bxc2 {[%emt 0:02:15]} 46. Rxc2 {[%emt 0:00:02]} Rc4 {[%emt 0:00:24]} 47. Ke2 {[%emt 0:03:22]} f5 {[%emt 0:01:58]} 48. Rbc1 {[%emt 0:00:47]} Rxb4 {[%emt 0:02:32]} 49. Bxc3 {[%emt 0:00:14]} Bxc3 {[%emt 0:00:24]} 50. Rxc3 {[%emt 0:00:01]} Rb5 {[%emt 0:00:20]} 51. Re3 {[%emt 0:01:12]} Rb2+ {[%emt 0:00:34]} 52. Kf3 {[%emt 0:00:40]} Rdd2 {[%emt 0:00:35]} 53. Re8+ {[%emt 0:00:19]} Kf7 {[%emt 0:00:11]} 54. Ra8 {[%emt 0:00:14]} Rd3# 0-1

[Event "46th GRE-chT Premier 2018"]
[Site "Rio Achaia"]
[Date "2018.07.12"]
[Round "4"]
[White "Vallianos, Gerasimos"]
[Black "Ergazakis, Ioannis"]
[Result "0-1"]
[WhiteElo "1899"]
[BlackElo "2228"]
[Annotator "NA"]
[PlyCount "60"]
[EventDate "2018.07.10"]
[EventType "team-tourn"]
[EventCountry "GRE"]
[SourceTitle "playchess.com"]
[Source "ChessBase"]
[SourceQuality "1"]
[TimeControl "40/5400+30:1800+30"]

1. Nf3 {[%emt 0:00:00]} c5 {[%emt 0:00:04]} 2. c4 {[%emt 0:00:00]} Nc6 {[%emt 0:00:19]} 3. Nc3 {[%emt 0:00:00]} Nf6 {[%emt 0:00:18]} 4. g3 {[%emt 0:00:10]} d6 {[%emt 0:01:58]} 5. Bg2 {[%emt 0:00:10]} g6 {[%emt 0:00:12]} 6. O-O {[%emt 0:00:08]} Bg7 {[%emt 0:00:06]} 7. d4 {[%emt 0:00:24]} cxd4 {[%emt 0:00:12]} 8. Nxd4 {[%emt 0:00:07]} Bd7 {[%emt 0:00:09]} 9. b3 {[%emt 0:05:18]} O-O {[%emt 0:02:08]} 10. Bb2 {[%emt 0:00:15]} Rc8 {[%emt 0:03:05]} 11. Nc2 {[%emt 0:05:22]} a6 {[%emt 0:04:57]} 12. Nd5 {[%emt 0:01:31]} Nxd5 {[%emt 0:01:04]} 13. Bxg7 {[%emt 0:00:09]} Kxg7 {[%emt 0:00:03]} 14. Qxd5 {[%emt 0:01:13]} b5 {[%emt 0:06:14]} 15. cxb5 {[%emt 0:09:35]} axb5 {[%emt 0:00:12]} 16. Ne3 {[%emt 0:05:08]} Qb6 {[%emt 0:01:45]} 17. Rfc1 {[%emt 0:01:56]} Nd4 {[%emt 0:04:12]} 18. Kf1 {[%emt 0:06:36]} Bc6 {[%emt 0:08:28]} 19. Qg5 {[%emt 0:00:41]} f6 {[%emt 0:01:55]} 20. Nd5 {[%emt 0:03:10]} Qb7 {[%emt 0:02:56]} 21. Qe3 {[%emt 0:15:58]} Bxd5 {[%emt 0:00:27]} 22. Bh3 {[%emt 0:03:11]} Rxc1+ {[%emt 0:00:17]} 23. Rxc1 {[%emt 0:00:44]} e5 {[%emt 0:00:20]} 24. Qd2 {[%emt 0:01:25]} Be6 {[%emt 0:00:57]} 25. Bg2 {[%emt 0:01:17]} Bh3 {[%emt 0:00:12]} 26. f3 {[%emt 0:00:15]} Bxg2+ {[%emt 0:00:05]} 27. Kxg2 {[%emt 0:00:06]} Rc8 {[%emt 0:00:05]} 28. Rxc8 {[%emt 0:01:03]} Qxc8 {[%emt 0:00:05]} 29. Qa5 {[%emt 0:01:00]} Qc2 {[%emt 0:00:26]} 30. Qa7+ {[%emt 0:00:59]} Kh6 {[%emt 0:00:08]} 0-1

[Event "46th GRE-chT Premier 2018"]
[Site "Rio Achaia"]
[Date "2018.07.12"]
[Round "4"]
[White "Gkikas, Vasilios"]
[Black "Makris, Spyridon-Dionysios"]
[Result "1-0"]
[WhiteElo "1892"]
[BlackElo "1799"]
[Annotator "NA"]
[PlyCount "83"]
[EventDate "2018.07.10"]
[EventType "team-tourn"]
[EventCountry "GRE"]
[SourceTitle "playchess.com"]
[Source "ChessBase"]
[SourceQuality "1"]
[TimeControl "40/5400+30:1800+30"]

1. e4 {[%emt 0:01:30]} e5 {[%emt 0:00:00]} 2. Nf3 {[%emt 0:00:45]} Nc6 {[%emt 0:00:00]} 3. Bc4 {[%emt 0:00:43]} Nf6 {[%emt 0:00:00]} 4. d3 {[%emt 0:01:15]} Be7 {[%emt 0:00:00]} 5. c3 {[%emt 0:00:53]} d6 {[%emt 0:00:19]} 6. Bb3 {[%emt 0:00:14]} Na5 {[%emt 0:00:31]} 7. Bc2 {[%emt 0:00:10]} c5 {[%emt 0:00:07]} 8. Nbd2 {[%emt 0:00:22]} Nc6 {[%emt 0:00:13]} 9. Nf1 {[%emt 0:01:11]} h6 {[%emt 0:01:33]} 10. Ng3 {[%emt 0:03:03]} O-O {[%emt 0:00:12]} 11. O-O {[%emt 0:03:10]} Re8 {[%emt 0:03:50]} 12. Qe2 {[%emt 0:06:31]} Bf8 {[%emt 0:03:01]} 13. Bb3 {[%emt 0:00:11]} d5 {[%emt 0:05:20]} 14. h3 {[%emt 0:05:39]} g6 {[%emt 0:06:56]} 15. Rd1 {[%emt 0:02:13]} Be6 {[%emt 0:01:56]} 16. Be3 {[%emt 0:07:35]} Qc7 {[%emt 0:04:40]} 17. Bc2 {[%emt 0:03:36]} a6 {[%emt 0:07:54]} 18. Nh4 {[%emt 0:05:01]} d4 {[%emt 0:03:02]} 19. Bd2 {[%emt 0:01:10]} Bg7 {[%emt 0:01:06]} 20. Rf1 {[%emt 0:01:00]} Nd7 {[%emt 0:00:22]} 21. Nf3 {[%emt 0:08:45]} b5 {[%emt 0:04:18]} 22. Nh2 {[%emt 0:05:41]} c4 {[%emt 0:04:55]} 23. Ng4 {[%emt 0:11:57]} h5 {[%emt 0:01:32]} 24. Nh6+ {[%emt 0:00:44]} Kh7 {[%emt 0:00:23]} 25. Nhf5 {[%emt 0:00:06]} Nc5 {[%emt 0:06:45]} 26. Nxg7 {[%emt 0:05:34]} Kxg7 {[%emt 0:00:01]} 27. Rfd1 {[%emt 0:01:30]} Rad8 {[%emt 0:03:22]} 28. Bc1 {[%emt 0:05:53]} dxc3 {[%emt 0:00:17]} 29. bxc3 {[%emt 0:01:20]} h4 {[%emt 0:00:40]} 30. Qe3 {[%emt 0:05:47]} hxg3 {[%emt 0:02:28]} 31. Qxc5 {[%emt 0:00:24]} gxf2+ {[%emt 0:01:53]} 32. Qxf2 {[%emt 0:02:29]} Qe7 {[%emt 0:01:45]} 33. d4 {[%emt 0:01:54]} exd4 {[%emt 0:01:01]} 34. cxd4 {[%emt 0:00:09]} Qf6 {[%emt 0:00:51]} 35. Qxf6+ {[%emt 0:01:18]} Kxf6 {[%emt 0:00:02]} 36. d5 {[%emt 0:00:07]} Nb4 {[%emt 0:00:05]} 37. Bb2+ {[%emt 0:00:06]} Kg5 {[%emt 0:00:07]} 38. dxe6 {[%emt 0:02:09]} Nxc2 {[%emt 0:00:34]} 39. exf7 {[%emt 0:00:09]} Rf8 {[%emt 0:00:13]} 40. Rxd8 {[%emt 0:00:00]} Rxd8 {[%emt 0:00:00]} 41. Rf1 {[%emt 0:00:18]} Rf8 {[%emt 0:00:28]} 42. Bg7 {[%emt 0:00:11]} 1-0

[Event "46th GRE-chT Premier 2018"]
[Site "Rio Achaia"]
[Date "2018.07.12"]
[Round "4"]
[White "Georgiadis, Alexandros"]
[Black "Sgouros, Apostolos"]
[Result "1-0"]
[WhiteElo "1882"]
[BlackElo "2024"]
[Annotator "NA"]
[PlyCount "73"]
[EventDate "2018.07.10"]
[EventType "team-tourn"]
[EventCountry "GRE"]
[SourceTitle "playchess.com"]
[Source "ChessBase"]
[SourceQuality "1"]
[TimeControl "40/5400+30:1800+30"]

1. d4 {[%emt 0:00:00]} Nf6 {[%emt 0:08:46]} 2. c4 {[%emt 0:00:00]} g6 {[%emt 0:00:09]} 3. Nc3 {[%emt 0:00:00]} Bg7 {[%emt 0:00:05]} 4. e4 {[%emt 0:00:05]} d6 {[%emt 0:00:05]} 5. f3 {[%emt 0:00:27]} O-O {[%emt 0:00:10]} 6. Nge2 {[%emt 0:00:12]} e5 {[%emt 0:00:17]} 7. Be3 {[%emt 0:00:58]} c6 {[%emt 0:02:04]} 8. Qd2 {[%emt 0:01:23]} Qa5 {[%emt 0:01:34]} 9. d5 {[%emt 0:01:06]} cxd5 {[%emt 0:00:56]} 10. cxd5 {[%emt 0:00:11]} Na6 {[%emt 0:10:39]} 11. Nc1 {[%emt 0:23:26]} Nc5 {[%emt 0:01:54]} 12. a3 {[%emt 0:00:10]} Qd8 {[%emt 0:01:11]} 13. b4 {[%emt 0:00:09]} Na6 {[%emt 0:01:29]} 14. Bxa6 {[%emt 0:01:06]} bxa6 {[%emt 0:00:08]} 15. Nb3 {[%emt 0:00:06]} Nh5 {[%emt 0:01:10]} 16. Na5 {[%emt 0:01:04]} f5 {[%emt 0:02:28]} 17. Nc6 {[%emt 0:08:30]} Qd7 {[%emt 0:01:36]} 18. O-O {[%emt 0:02:06]} Nf4 {[%emt 0:09:17]} 19. Kh1 {[%emt 0:03:54]} Bf6 {[%emt 0:01:46]} 20. a4 {[%emt 0:00:35]} Qg7 {[%emt 0:01:22]} 21. g3 {[%emt 0:00:41]} Bd7 {[%emt 0:01:57]} 22. b5 {[%emt 0:00:45]} g5 {[%emt 0:02:29]} 23. gxf4 {[%emt 0:01:07]} Bxc6 {[%emt 0:00:12]} 24. fxg5 {[%emt 0:00:07]} Bd7 {[%emt 0:03:41]} 25. gxf6 {[%emt 0:00:09]} Rxf6 {[%emt 0:00:04]} 26. Rg1 {[%emt 0:00:24]} Rg6 {[%emt 0:00:03]} 27. exf5 {[%emt 0:05:12]} Bxf5 {[%emt 0:00:08]} 28. Ne4 {[%emt 0:00:05]} Rf8 {[%emt 0:02:35]} 29. Bh6 {[%emt 0:01:10]} Qf7 {[%emt 0:00:29]} 30. Rxg6+ {[%emt 0:02:48]} Bxg6 {[%emt 0:00:18]} 31. Nxd6 {[%emt 0:03:19]} Qxf3+ {[%emt 0:00:24]} 32. Qg2 {[%emt 0:01:02]} Qc3 {[%emt 0:01:14]} 33. Rc1 {[%emt 0:00:46]} Qa3 {[%emt 0:00:19]} 34. Nc4 {[%emt 0:00:48]} Qxa4 {[%emt 0:03:08]} 35. Bxf8 {[%emt 0:00:38]} axb5 {[%emt 0:00:07]} 36. Nb2 {[%emt 0:07:02]} Qf4 {[%emt 0:01:34]} 37. Rf1 {[%emt 0:00:10]} 1-0

[Event "46th GRE-chT Premier 2018"]
[Site "Rio Achaia"]
[Date "2018.07.12"]
[Round "4"]
[White "Berbatis, Antonios"]
[Black "Tzagarakis, Panagiotis"]
[Result "1-0"]
[WhiteElo "1881"]
[BlackElo "1573"]
[Annotator "NA"]
[PlyCount "67"]
[EventDate "2018.07.10"]
[EventType "team-tourn"]
[EventCountry "GRE"]
[SourceTitle "playchess.com"]
[Source "ChessBase"]
[SourceQuality "1"]
[TimeControl "40/5400+30:1800+30"]

1. e4 {[%emt 0:00:00]} c5 {[%emt 0:00:00]} 2. Nf3 {[%emt 0:00:00]} d6 {[%emt 0:00:00]} 3. d4 {[%emt 0:00:24]} cxd4 {[%emt 0:00:00]} 4. Nxd4 {[%emt 0:00:18]} Nf6 {[%emt 0:00:00]} 5. Nc3 {[%emt 0:01:03]} Nc6 {[%emt 0:00:06]} 6. h3 {[%emt 0:04:48]} g6 {[%emt 0:02:21]} 7. Be3 {[%emt 0:00:58]} Bg7 {[%emt 0:00:09]} 8. Qd2 {[%emt 0:00:39]} O-O {[%emt 0:00:21]} 9. O-O-O {[%emt 0:00:24]} Bd7 {[%emt 0:19:22]} 10. g4 {[%emt 0:04:15]} Nxd4 {[%emt 0:05:39]} 11. Bxd4 {[%emt 0:00:07]} Bc6 {[%emt 0:01:13]} 12. Bg2 {[%emt 0:04:23]} Qa5 {[%emt 0:13:21]} 13. Kb1 {[%emt 0:02:17]} Rfe8 {[%emt 0:01:26]} 14. g5 {[%emt 0:11:02]} Nh5 {[%emt 0:01:10]} 15. Bxg7 {[%emt 0:02:01]} Nxg7 {[%emt 0:00:06]} 16. f4 {[%emt 0:04:55]} Rac8 {[%emt 0:03:20]} 17. h4 {[%emt 0:03:27]} b5 {[%emt 0:11:24]} 18. f5 {[%emt 0:08:27]} b4 {[%emt 0:11:20]} 19. Ne2 {[%emt 0:04:34]} gxf5 {[%emt 0:06:05]} 20. h5 {[%emt 0:01:59]} Bxe4 {[%emt 0:03:54]} 21. Bxe4 {[%emt 0:00:40]} fxe4 {[%emt 0:00:53]} 22. g6 {[%emt 0:00:54]} Rc5 {[%emt 0:05:30]} 23. gxf7+ {[%emt 0:02:38]} Kxf7 {[%emt 0:00:07]} 24. Rdf1+ {[%emt 0:04:47]} Nf5 {[%emt 0:01:25]} 25. Nd4 {[%emt 0:04:28]} e6 {[%emt 0:09:35]} 26. Qh6 {[%emt 0:01:16]} Re7 {[%emt 0:00:32]} 27. Qxh7+ {[%emt 0:01:16]} Ke8 {[%emt 0:00:07]} 28. Qg8+ {[%emt 0:03:11]} Kd7 {[%emt 0:00:05]} 29. Nb3 {[%emt 0:00:25]} Qb6 {[%emt 0:00:26]} 30. Nxc5+ {[%emt 0:00:58]} Qxc5 {[%emt 0:00:11]} 31. h6 {[%emt 0:02:54]} Nd4 {[%emt 0:02:24]} 32. Rc1 {[%emt 0:01:49]} Nf3 {[%emt 0:02:54]} 33. h7 {[%emt 0:00:45]} Nd2+ {[%emt 0:00:31]} 34. Ka1 {[%emt 0:00:18]} 1-0